000 01261cam a22002294a 4500
005 20250605164044.0
008 250528s ||||||||||||||||||||||||d
035 _a17082
020 _a395959438
040 _aGR-AtMCL
_bgre
_dGR-AtMCL
_eAACR2
245 1 _aUnderstanding Abnormal Behavior / Sixth Edition
250 _a6th
260 _bHoughton Mifflin Company,
_c2000
300 _a670
520 _aFeatures, Preface, Abnormal Behavior, Models of Abnormal Behavior, Assessment and Classification of Abnormal Behavior, The Scientific Method in Abnormal Psychology, Anxiety Disorders, Dissociative Disorders and Somatoform Behavior, Psychological Factors Affecting Medical Conditions, Personality Disorders and Impulse Control Disorders, Substance-Related Disorders, Sexual and Gender Identity Disorders, Mood Disorders, Suicide, Schizophrenia: Diagnosis and Symptoms, Schizophrenia: Etiololy and Treatment, Cognitive Disorders, Disorders of Childhood and Adolescence, Individual and Group Therapy, Legal and Ethical Issues in Abnormal Psychology, Glossary, References, Name and Subject Index.
700 1 _aSue David
_93217
700 1 _aSue Derald Wing
_93218
700 1 _aSue Stanley
_93219
942 _cBK
999 _c2522
_d2522